Statistics for Baby Keem Charting Songs (Billboard Hot 100)

Click here to take the quiz!

General Stats

  • This quiz has been taken 181 times
    (49 since last reset)
  • The average score is 5 of 7

Answer Stats

AlbumWeeks OnPeakArtist(s)Song% Correct
The Melodic Blue19 Weeks#18Baby Keem & Kendrick Lamarfamily ties
96%
The Melodic Blue1 Week#85Baby Keem & Travi$ Scottdurag activity
80%
Non-Album Single1 Week#93Baby Keem & Kendrick LamarThe Hillbillies
78%
Die for My Bitch3 Weeks#98Baby KeemORANGE SODA
74%
The Melodic Blue1 Week#53Baby Keem & Kendrick Lamarrange brothers
74%
Donda7 Weeks#20Kanye West ft. Baby Keem & Travi$ ScottPraise God
70%
Mr. Morale & the Big Steppers2 Weeks#23Kendrick Lamar, Baby Keem & Sam DewSavior
65%

Score Distribution

Percentile by Number Answered

Percent of People with Each Score

Your Score History

You have not taken this quiz since the last reset